• 首页
  • 本馆介绍
  • 公告通知
  • 最新文献
  • 馆藏检索
  • 电子资源
  • 读者导购
  • 参考咨询
  • 我的图书馆
  • 登录
  • 期刊详细显示
  • 现刊情况显示
  • 合订本情况显示
  • 篇目信息显示

期刊信息

  • 表格格式
  • 工作单格式
  • 卡片格式
索取号 
N55/SA
题名 
SCIENTIFIC AMERICAN
作者 
分册号 
分册名 
出版地 
New York
出版者 
Munn & Co.
标准刊号 
0036-8733
出版频率 
月刊
中图法分类 
N55
主题词 
自然科学 连续出版物; 自然科学 斯刊
电子资源  http://moa.cit.cornell.edu/MOA/MOA-JOURNALS2/SCIA.html      http://www.sciam.com/     
000 00623nam0 2200229 450
001 1333562914
005 20131217091922.90
011    @a0036-8733@dUSD7.99(2019)
100    @a20131217d km y0chiy0120 ea
101 0  @aeng
200 1  @aSCIENTIFIC AMERICAN
207    @avol. 1, no. 1 (Aug. 28, 1845)
210    @aNew York@cMunn & Co.
215    @d26cm
326    @a月刊
606 0  @a自然科学@x连续出版物
606 0  @a自然科学@x斯刊
690    @aN55@v4
801  0 @aCN@bNISOFT@c20131217
856 4  @uhttp://moa.cit.cornell.edu/MOA/MOA-JOURNALS2/SCIA.html
856 4  @uhttp://www.sciam.com/
905    @a10447@dN55@eSA
    
    SCIENTIFIC AMERICAN.-vol. 1, no. 1 (Aug. 28, 1845).-New York:Munn & Co.
    26cm
    
    
    ISSN 0036-8733:USD7.99(2019)
    
●
相关链接: 在易读查询期刊 在中国知网中查询期刊 在万方数据查询期刊 在维普查询期刊
唐山师范学院图书馆 欢迎您!
大连网信软件有限公司© 版权所有